000 01291nam a2200325Ia 4500
999 _c5835
_d5835
003 OSt
005 20200701194941.0
008 191128s2015 sp gr 000 0dspa d
020 _a9788433963826
040 _aCO-JMCR
_cCO-JMCR
041 1 _aspa
_hfr
082 0 4 _a330.16 /
_bP342e
_223
100 1 _aPiketty, Thomas,
_eautor
_96420
245 1 0 _aLa economía de las desigualdades :
_bcómo implementar una redistribución justa y eficaz de la riqueza /
_cThomas Piketty ; traducción de María de la Paz Georgiadis
250 _aPrimera edición
260 _aBarcelona :
_bAnagrama,
_c2015.
300 _a183 páginas ;
_c22 cm.
490 0 _aArgumentos ;
_v479
500 _aIncluye datos biográficos del autor en la cubierta.
504 _aBibliografía: páginas 173-182.
505 0 _aCómo medir las desigualdades y su evolución -- La desigualdad capital/trabajo -- La desigualdad de las rentas -- Las herramientas de la redistribución
534 _pL'économie des inégalités
546 _aTraducido del francés
650 1 4 _aRiqueza
_96421
650 2 4 _aDistribución de la riqueza
_96422
650 2 4 _aCapital Capitalismo
_96423
650 2 4 _aSalarios Desigualdad
_96424
700 1 _aGeorgiadis, María de la Paz,
_etraductor
_96425
942 _2ddc
_cBK